| 000 | 00644nam a2200181 4500 | ||
|---|---|---|---|
| 001 | 110224 | ||
| 003 | ES-MaACL | ||
| 007 | t| | ||
| 008 | 061121s1954 sp r ||||1| spa d | ||
| 245 | 0 | 0 |
_aOrdenación, expropiación, venta forzosa , régimen fiscal y arrendamiento de los solares / _cpor Elías Barros Martínez. |
| 260 |
_aMadrid : _bBoletín Jurídico-Administrativo, _c1954. |
||
| 300 |
_a238 p. ; _c17 cm. |
||
| 490 | 1 | _aAlcubilla biblioteca de derecho positivo | |
| 700 | 1 |
_aBarros Martínez, Elías. _926059 |
|
| 830 | 0 |
_aAlcubilla biblioteca de derecho positivo _9233012 |
|
| 852 |
_aES-MaACL _jE-3779 |
||
| 999 |
_c110224 _d110224 |
||